| 000 -LEADER |
| fixed length control field |
01150nam a2200265 a 4500 |
| 001 - CONTROL NUMBER |
| control field |
:::00012625$&:&@@ |
| 003 - CONTROL NUMBER IDENTIFIER |
| control field |
OkBaRHE |
| 005 - DATE AND TIME OF LATEST TRANSACTION |
| control field |
20000607103421.0 |
| 008 - FIXED-LENGTH DATA ELEMENTS--GENERAL INFORMATION |
| fixed length control field |
s1987 j 000 0 eng u |
| 040 ## - CATALOGING SOURCE |
| Transcribing agency |
|
| 100 1# - MAIN ENTRY--PERSONAL NAME |
| Personal name |
St. Clair, Barry. |
| 245 10 - TITLE STATEMENT |
| Title |
Dating: |
| Remainder of title |
picking (and being) a winner. |
| 260 ## - PUBLICATION, DISTRIBUTION, ETC. (IMPRINT) |
| Place of publication, distribution, etc |
San Bernardino, CA., : |
| Name of publisher, distributor, etc |
Here's Life Publishers |
| Date of publication, distribution, etc |
c1987 |
| 300 ## - PHYSICAL DESCRIPTION |
| Extent |
162 p., [6] p. of plates : illus., port. ; |
| Dimensions |
21 cm. |
| 490 0# - SERIES STATEMENT |
| Series statement |
Why wait? |
| 520 ## - SUMMARY, ETC. |
| Summary, etc |
A handbook for dating, discussing such areas as getting dates, keeping dates, dating creatively, going steady, breaking up, and setting standards. Provides a Christian viewpoint. |
| 650 ## - SUBJECT ADDED ENTRY--TOPICAL TERM |
| Topical term or geographic name as entry element |
Christian Life |
| 650 ## - SUBJECT ADDED ENTRY--TOPICAL TERM |
| Topical term or geographic name as entry element |
Dating (Social Customs) |
| 650 ## - SUBJECT ADDED ENTRY--TOPICAL TERM |
| Topical term or geographic name as entry element |
Dating (Social Customs) |
| General subdivision |
Juvenile Literature |
| 650 ## - SUBJECT ADDED ENTRY--TOPICAL TERM |
| Topical term or geographic name as entry element |
Dating (Social Customs) |
| General subdivision |
Religious Aspects |
| -- |
Christianity |
| -- |
Juvenile Literature |
| 650 ## - SUBJECT ADDED ENTRY--TOPICAL TERM |
| Topical term or geographic name as entry element |
Interpersonal Relations |
| General subdivision |
Juvenile Literature |
| 700 ## - ADDED ENTRY--PERSONAL NAME |
| Personal name |
Jones, Bill, 1955- |
| 942 ## - ADDED ENTRY ELEMENTS (KOHA) |
| Source of classification or shelving scheme |
|
| Koha item type |
Books |